[Event "Capablanca Memorial Mixto 36th"]
[Site "Havana"]
[Date "2001.05.07"]
[Round "3"]
[White "Delgado Crespo, Mairelys"]
[Black "Araque, Rafael"]
[Result "1-0"]
[WhiteElo "2235"]
[BlackElo "2320"]
[PlyCount "69"]
[EventDate "2001.05.05"]
[EventType "tourn"]
[EventRounds "13"]
[EventCountry "CUB"]
[EventCategory "1"]
[SourceTitle "CBM 082 Extra"]
[Source "ChessBase"]
[SourceDate "2001.07.03"]
[SourceVersion "1"]
[SourceVersionDate "2001.07.03"]
[SourceQuality "1"]

1. e4 c5 2. Nf3 e6 3. d4 cxd4 4. Nxd4 Qb6 5. Nb3 Qc7 6. Nc3 a6 7. Bd3 Nf6 8. 0-0 b5 9. a3 Be7 10. f4 d6 11. Qf3 Bb7 12. Qh3 Nbd7 13. Be3 g6 14. Rae1 0-0 15. f5 exf5 16. exf5 Ne5 17. Bd4 Rae8 18. Nd2 Bd8 19. Nde4 Nxe4 20. Nxe4 f6 21. fxg6 hxg6 22. Qg3 g5 23. h4 Bxe4 24. Bxe4 Qc4 25. c3 Rf7 26. hxg5 fxg5 27. Rxf7 Qxf7 28. Rf1 Qh5 29. Bd5+ Kh7 30. Qf2 Qh4 31. Qf5+ Kh6 32. Be4 Re7 33. Qf6+ Kh5 34. Qh8+ Kg4 35. Bf5+ 1-0

[Event "Benasque (Women)"]
[Site "Benasque"]
[Date "2001.??.??"]
[Round "?"]
[White "Delgado Crespo, Mairelys"]
[Black "Vega Gutierrez, Sabrina Neide"]
[Result "1/2-1/2"]
[WhiteElo "2235"]
[BlackElo "2124"]
[PlyCount "97"]
[EventDate "2001.??.??"]
[EventType "tourn"]
[EventRounds "9"]
[EventCountry "ESP"]
[EventCategory "2"]
[SourceTitle "EXT 2002"]
[Source "ChessBase"]
[SourceDate "2001.11.25"]
[SourceVersion "1"]
[SourceVersionDate "2001.11.25"]
[SourceQuality "1"]

1. e4 c5 2. Nf3 a6 3. c4 b6 4. Nc3 Bb7 5. d3 e6 6. Be2 Nc6 7. 0-0 Bd6 8. Be3 Nge7 9. Qd2 0-0 10. Ne1 Bc7 11. Bg5 f6 12. Bh4 d5 13. Bg4 Nd4 14. Rd1 f5 15. exf5 exf5 16. Bf3 Qd6 17. g3 Ng6 18. Bg5 h6 19. Bxh6 Ne5 20. Bg2 gxh6 21. Nxd5 Kh7 22. f4 Ng6 23. Nc2 Nxc2 24. Qxc2 Rae8 25. Rfe1 Bxd5 26. Bxd5 b5 27. d4 cxd4 28. Rxe8 Rxe8 29. Qxf5 Rf8 30. Qe4 Bb6 31. f5 Ne5 32. b3 Kh8 33. Kh1 Nd7 34. Re1 Nf6 35. Qh4 Kg7 36. Re6 Qd8 37. g4 Bc5 38. Rxa6 bxc4 39. bxc4 Qb8 40. Bf3 Qf4 41. Kg2 d3 42. Rc6 Bd6 43. c5 Be5 44. Re6 Rf7 45. c6 d2 46. Qg3 Qxg3+ 47. hxg3 Bc3 48. Re3 Ba5 49. Rd3 1/2-1/2

[Event "Benasque (Women)"]
[Site "Benasque"]
[Date "2001.??.??"]
[Round "?"]
[White "Foisor, Cristina Adela B"]
[Black "Delgado Crespo, Mairelys"]
[Result "1-0"]
[WhiteElo "2418"]
[BlackElo "2235"]
[PlyCount "119"]
[EventDate "2001.??.??"]
[EventType "tourn"]
[EventRounds "9"]
[EventCountry "ESP"]
[EventCategory "2"]
[SourceTitle "EXT 2002"]
[Source "ChessBase"]
[SourceDate "2001.11.25"]
[SourceVersion "1"]
[SourceVersionDate "2001.11.25"]
[SourceQuality "1"]

1. Nf3 d5 2. g3 Nf6 3. Bg2 Bg4 4. d3 c6 5. Nbd2 Nbd7 6. 0-0 e5 7. h3 Bh5 8. e4 Bd6 9. exd5 cxd5 10. c4 0-0 11. cxd5 Nxd5 12. Qb3 N5b6 13. Ne4 Be7 14. a4 a5 15. Be3 Bb4 16. Rfc1 Kh8 17. Nc5 Nxc5 18. Bxc5 Bxc5 19. Rxc5 f6 20. Nd2 Bf7 21. Qa3 Bd5 22. Nc4 Bxg2 23. Kxg2 Nxc4 24. dxc4 Qd6 25. Rd5 Qc6 26. b3 Rfd8 27. Rad1 Rxd5 28. Rxd5 h6 29. Qc5 Kh7 30. h4 h5 31. Qe7 b6 32. Kg1 Rc8 33. Rd7 Rg8 34. Rd6 Qf3 35. Qd7 e4 36. Rxb6 Kh8 37. Qd5 Re8 38. Rb5 Re5 39. Qd8+ Kh7 40. Rxe5 fxe5 41. Qb6 g6 42. Qe3 Qd1+ 43. Kg2 Qc2 44. Qa7+ Kh6 45. Qb8 Kh7 46. Qc7+ Kg8 47. Qd8+ Kf7 48. Qd5+ Kf6 49. Qd6+ Kf7 50. Qc7+ Kf6 51. Qd8+ Kf7 52. Qxa5 Qxb3 53. Qd5+ Kf6 54. a5 e3 55. Qf3+ Ke6 56. Qxe3 Qxc4 57. Qb6+ Kf5 58. a6 Qe4+ 59. Kh2 Qf3 60. Qe3 1-0